Statistiken für Länder der Welt – Blindes Tippen

Klicken Sie hier um das Quiz zu spielen!

Allgemein

  • Dieses Quiz wurde 53 mal gespielt
  • Das Durchschnittsergebnis liegt bei 134 aus 196

Antwortstatistiken

Land% Korrekt
Russland
87%
Deutschland
85%
Vereinigte Staaten
85%
China
83%
Belgien
81%
Frankreich
81%
Indien
81%
Irland
81%
Japan
81%
Kanada
81%
Mexiko
81%
Österreich
81%
Polen
81%
Schweden
81%
Spanien
81%
Albanien
79%
Australien
79%
Estland
79%
Griechenland
79%
Island
79%
Serbien
79%
Ägypten
77%
Belarus
77%
Dänemark
77%
Finnland
77%
Irak
77%
Iran
77%
Italien
77%
Lettland
77%
Litauen
77%
Niederlande
77%
Nordkorea
77%
Südkorea
77%
Ukraine
77%
Vereinigtes Königreich
77%
Bosnien und Herzegowina
74%
Brasilien
74%
Bulgarien
74%
Demokratische Republik Kongo
74%
Kroatien
74%
Luxemburg
74%
Marokko
74%
Niger
74%
Norwegen
74%
Republik Kongo
74%
Rumänien
74%
Saudi-Arabien
74%
Schweiz
74%
Südafrika
74%
Vatikanstadt
74%
Andorra
72%
Argentinien
72%
Costa Rica
72%
Elfenbeinküste
72%
Georgien
72%
Ghana
72%
Haiti
72%
Jamaika
72%
Kolumbien
72%
Kuba
72%
Malta
72%
Neuseeland
72%
Pakistan
72%
Peru
72%
Portugal
72%
Singapur
72%
Slowakei
72%
Slowenien
72%
Sudan
72%
Thailand
72%
Tschechien
72%
Türkei
72%
Zypern
72%
Afghanistan
70%
Algerien
70%
Armenien
70%
Aserbaidschan
70%
Bahrain
70%
Bangladesch
70%
Chile
70%
Dominikanische Republik
70%
Indonesien
70%
Israel
70%
Kenia
70%
Libanon
70%
Liechtenstein
70%
Nordmazedonien
70%
Oman
70%
San Marino
70%
Senegal
70%
Tunesien
70%
Uganda
70%
Ungarn
70%
Bahamas
68%
Bolivien
68%
Honduras
68%
Katar
68%
Kosovo
68%
Libyen
68%
Mali
68%
Monaco
68%
Mongolei
68%
Montenegro
68%
Nigeria
68%
Panama
68%
Paraguay
68%
Ruanda
68%
Syrien
68%
Tadschikistan
68%
Tschad
68%
Uruguay
68%
Antigua und Barbuda
66%
Äthiopien
66%
Belize
66%
Guatemala
66%
Kap Verde
66%
Kasachstan
66%
Kirgisistan
66%
Laos
66%
Lesotho
66%
Malediven
66%
Mauretanien
66%
Moldawien
66%
Mosambik
66%
Nepal
66%
Sri Lanka
66%
Südsudan
66%
Tansania
66%
Turkmenistan
66%
Vereinigte Arabische Emirate
66%
Vietnam
66%
Barbados
64%
Benin
64%
Burkina Faso
64%
Eritrea
64%
Guinea
64%
Jemen
64%
Jordanien
64%
Kuwait
64%
Liberia
64%
Madagaskar
64%
Namibia
64%
Nicaragua
64%
Philippinen
64%
St. Kitts und Nevis
64%
Taiwan
64%
Togo
64%
Usbekistan
64%
Venezuela
64%
Angola
62%
Bhutan
62%
Ecuador
62%
El Salvador
62%
Eswatini
62%
Fidschi
62%
Kambodscha
62%
Kamerun
62%
Marshallinseln
62%
Papua-Neuguinea
62%
Sambia
62%
Sierra Leone
62%
Somalia
62%
Tuvalu
62%
Zentralafrikanische Republik
62%
Burundi
60%
Dominica
60%
Föderierte Staaten von Mikronesien
60%
Gabun
60%
Kiribati
60%
Malaysia
60%
Osttimor
60%
Seychellen
60%
St. Lucia
60%
St. Vincent und die Grenadinen
60%
Suriname
60%
Äquatorial-Guinea
57%
Botswana
57%
Gambia
57%
Guinea-Bissau
57%
Guyana
57%
Mauritius
57%
Palau
57%
Brunei
55%
Nauru
55%
Salomonen
55%
Samoa
55%
São Tomé und Príncipe
55%
Simbabwe
55%
Tonga
55%
Trinidad und Tobago
55%
Vanuatu
55%
Dschibuti
53%
Grenada
53%
Komoren
53%
Malawi
53%
Burma
32%

Verteilung der Resultate

Perzentil nach korrekt beantworteten Fragen

Anzahl Personen mit jedem Resultat

Ihre Resultats-Entwicklung

Sie haben dieses Quiz noch nicht gespielt